[Event "XtraCon-Skakligaen"]
[Site "Denmark"]
[Date "2015.01.10"]
[Round "4.3"]
[White "Christensen, Tobias"]
[Black "Hansen, Lars"]
[Result "1/2-1/2"]
[WhiteElo "2369"]
[BlackElo "2273"]
[PlyCount "55"]
[EventDate "2014.10.25"]
[EventType "team-tourn"]
[EventRounds "9"]
[EventCountry "DEN"]
[WhiteTeam "AarhusSkolerne"]
[BlackTeam "SK1968"]
[WhiteTeamCountry "DEN"]
[BlackTeamCountry "DEN"]

1. e4 e6 2. d4 d5 3. Nd2 Nf6 4. exd5 exd5 5. Ngf3 Bd6 6. c4 O-O 7. c5 Be7 8. b4
b6 9. Nb3 a5 10. bxa5 bxc5 11. dxc5 Nc6 12. Bd2 Re8 13. Bb5 Bf8+ 14. Be3 Bd7
15. Bxc6 Bxc6 16. O-O Ne4 17. Nfd4 Ba4 18. Qg4 Bd7 19. Qh5 c6 20. Rac1 Nf6 21.
Qd1 Qc7 22. h3 Bxh3 23. gxh3 Rxe3 24. fxe3 Qg3+ 25. Kh1 Qxh3+ 26. Kg1 Qg3+ 27.
Kh1 Qh3+ 28. Kg1 1/2-1/2

[Event "XtraCon-Skakligaen"]
[Site "Denmark"]
[Date "2015.01.10"]
[Round "4.4"]
[White "Matthiesen, Martin"]
[Black "Pedersen, Finn"]
[Result "1-0"]
[WhiteElo "2260"]
[BlackElo "2278"]
[PlyCount "87"]
[EventDate "2014.10.25"]
[EventType "team-tourn"]
[EventRounds "9"]
[EventCountry "DEN"]
[WhiteTeam "SK1968"]
[BlackTeam "AarhusSkolerne"]
[WhiteTeamCountry "DEN"]
[BlackTeamCountry "DEN"]

1. d4 d5 2. c4 c6 3. Nf3 Nf6 4. Nc3 dxc4 5. a4 Bf5 6. e3 e6 7. Bxc4 Bb4 8. O-O
O-O 9. Qe2 Bg4 10. h3 Bh5 11. g4 Bg6 12. Ne5 Nbd7 13. Nxg6 hxg6 14. Rd1 Nd5 15.
Na2 Bd6 16. e4 Nf4 17. Qf3 g5 18. e5 Bxe5 19. dxe5 Nxe5 20. Qb3 Qf6 21. Bf1
Nfg6 22. Qg3 Nf3+ 23. Kh1 Rfd8 24. Be3 Nd4 25. Nc3 Nc2 26. Rac1 Nxe3 27. Qxe3
Nf4 28. Ne4 Qh6 29. a5 f5 30. gxf5 exf5 31. Ng3 Rf8 32. Qb3+ Kh8 33. Qxb7 Nxh3
34. Rxc6 Nxf2+ 35. Kg2 Qh4 36. Rg6 Qh7 37. Kxf2 Qxg6 38. Bc4 Kh7 39. Rh1+ Qh6
40. Rxh6+ Kxh6 41. Qh1+ Kg6 42. Bd3 Rad8 43. Qh5+ Kf6 44. Bxf5 1-0

[Event "XtraCon-Skakligaen"]
[Site "Denmark"]
[Date "2015.01.10"]
[Round "4.5"]
[White "Rendboe, John Filip"]
[Black "Lindfeldt, Jan Magnus"]
[Result "1-0"]
[WhiteElo "2196"]
[BlackElo "2261"]
[PlyCount "71"]
[EventDate "2014.10.25"]
[EventType "team-tourn"]
[EventRounds "9"]
[EventCountry "DEN"]
[WhiteTeam "AarhusSkolerne"]
[BlackTeam "SK1968"]
[WhiteTeamCountry "DEN"]
[BlackTeamCountry "DEN"]

1. c4 e5 2. Nc3 Nf6 3. g3 d5 4. cxd5 Nxd5 5. Bg2 Nb6 6. Nf3 Nc6 7. O-O Be7 8.
d3 O-O 9. b3 Re8 10. Bb2 Bf8 11. Rc1 Nd4 12. Ne4 a5 13. Nc5 c6 14. e3 Nxf3+ 15.
Qxf3 a4 16. Rfd1 axb3 17. axb3 Ra2 18. Ba1 Rxa1 19. Rxa1 Bxc5 20. Qe2 Qe7 21.
Qc2 Bg4 22. Rdc1 Ba3 23. Rcb1 Nd5 24. b4 Bxb4 25. Qc4 Bc3 26. Ra7 Qe6 27. Rbxb7
Qc8 28. Rxf7 e4 29. d4 Kh8 30. Rxg7 Bf5 31. Bh3 Qe6 32. Bxf5 Qxf5 33. Qxc6 Rd8
34. Qh6 Nf6 35. Rxh7+ Qxh7 36. Qxf6+ 1-0

[Event "XtraCon-Skakligaen"]
[Site "Denmark"]
[Date "2015.01.10"]
[Round "4.6"]
[White "Rewitz, Poul"]
[Black "Hagen, Kresten Skytte"]
[Result "0-1"]
[WhiteElo "2253"]
[BlackElo "2163"]
[PlyCount "48"]
[EventDate "2014.10.25"]
[EventType "team-tourn"]
[EventRounds "9"]
[EventCountry "DEN"]
[WhiteTeam "SK1968"]
[BlackTeam "AarhusSkolerne"]
[WhiteTeamCountry "DEN"]
[BlackTeamCountry "DEN"]

1. e4 e5 2. Nf3 Nc6 3. d4 exd4 4. Nxd4 Nf6 5. Nxc6 bxc6 6. Nd2 Qe7 7. Bd3 g6 8.
O-O Bg7 9. b3 Nh5 10. Rb1 Nf4 11. Bc4 O-O 12. Re1 d6 13. Nf1 Be5 14. Bb2 Qg5
15. g3 Nh3+ 16. Kg2 Qf6 17. f4 Bxb2 18. e5 Bxe5 19. Qf3 Bd4 20. Rbd1 Bd7 21.
Re4 Bb6 22. Rde1 Ng1 23. Qd1 Bh3+ 24. Kh1 d5 0-1

[Event "XtraCon-Skakligaen"]
[Site "Denmark"]
[Date "2015.01.10"]
[Round "4.7"]
[White "Jensen, Vagn"]
[Black "Pedersen, Gunnar"]
[Result "1-0"]
[WhiteElo "2147"]
[BlackElo "2232"]
[PlyCount "71"]
[EventDate "2014.10.25"]
[EventType "team-tourn"]
[EventRounds "9"]
[EventCountry "DEN"]
[WhiteTeam "AarhusSkolerne"]
[BlackTeam "SK1968"]
[WhiteTeamCountry "DEN"]
[BlackTeamCountry "DEN"]

1. e4 c5 2. Nf3 e6 3. d4 cxd4 4. Nxd4 Bc5 5. Be3 Qb6 6. c3 Nc6 7. Be2 Nf6 8.
Nd2 d5 9. exd5 exd5 10. N2b3 O-O 11. Nxc5 Qxc5 12. Ne6 Qd6 13. Nxf8 Kxf8 14.
O-O Bf5 15. Qa4 Re8 16. Bf3 Be4 17. Bxe4 Nxe4 18. Rad1 b6 19. Rfe1 Re6 20. f3
Nc5 21. Qf4 Qd7 22. Bxc5+ bxc5 23. Rxe6 Qxe6 24. Qh4 h6 25. Qf2 d4 26. b4 Qc4
27. cxd4 cxd4 28. a3 g5 29. Qd2 Qd5 30. Qd3 a6 31. Qxa6 Kg7 32. Qd3 f6 33. a4
Nxb4 34. Qxd4 Qa5 35. Qd7+ Kg6 36. Qe8+ 1-0

[Event "XtraCon-Skakligaen"]
[Site "Denmark"]
[Date "2015.01.10"]
[Round "4.8"]
[White "Bindzus, Niels"]
[Black "Tettinek, Michael"]
[Result "1-0"]
[WhiteElo "2182"]
[BlackElo "2041"]
[PlyCount "43"]
[EventDate "2014.10.25"]
[EventType "team-tourn"]
[EventRounds "9"]
[EventCountry "DEN"]
[WhiteTeam "SK1968"]
[BlackTeam "AarhusSkolerne"]
[WhiteTeamCountry "DEN"]
[BlackTeamCountry "DEN"]

1. e4 c6 2. d4 d5 3. Nd2 dxe4 4. Nxe4 Nf6 5. Nxf6+ exf6 6. c3 Bd6 7. Bd3 Qe7+
8. Ne2 Bg4 9. O-O Nd7 10. f3 Be6 11. Re1 O-O-O 12. Bf4 Nb6 13. Bxd6 Qxd6 14.
Ng3 Qd7 15. Ne4 Rde8 16. a4 Qd5 17. a5 Nd7 18. Bc4 Qh5 19. Nd6+ Kb8 20. Qb3 b5
21. axb6 Nxb6 22. Rxa7 1-0

[Event "XtraCon-Skakligaen"]
[Site "Denmark"]
[Date "2015.01.10"]
[Round "4.1"]
[White "Teplyi, Igor"]
[Black "Hansen, Mads Smith"]
[Result "1-0"]
[WhiteElo "2381"]
[BlackElo "2378"]
[PlyCount "87"]
[EventDate "2014.10.25"]
[EventType "team-tourn"]
[EventRounds "9"]
[EventCountry "DEN"]
[WhiteTeam "Nordre"]
[BlackTeam "Obro"]
[WhiteTeamCountry "DEN"]
[BlackTeamCountry "DEN"]

1. Nf3 c5 2. c4 g6 3. e4 Bg7 4. d4 cxd4 5. Nxd4 Nc6 6. Be3 Nf6 7. Nc3 Ng4 8.
Qxg4 Nxd4 9. Qd1 e5 10. Bd3 O-O 11. O-O d6 12. Qd2 Be6 13. Rfe1 a6 14. Nd5 Bxd5
15. exd5 Qd7 16. Rac1 a5 17. b3 Rfe8 18. Kh1 Nf5 19. Bxf5 Qxf5 20. a4 h5 21. h3
Bf6 22. c5 dxc5 23. Rxc5 Bd8 24. Rb5 Qd7 25. Rc1 Be7 26. Rxa5 Rac8 27. Rd1 Bd6
28. Rb5 Rc7 29. Bb6 Rcc8 30. b4 Ra8 31. Qc2 Ra6 32. Bc5 Rea8 33. Bxd6 Rxd6 34.
Qc5 Rxa4 35. Rxb7 Qxb7 36. Qxd6 Rxb4 37. Qxe5 Rb1 38. Rxb1 Qxb1+ 39. Kh2 Qd3
40. h4 Qd2 41. f3 Kh7 42. d6 Kg8 43. Qf6 Qd3 44. Qe7 1-0

[Event "XtraCon-Skakligaen"]
[Site "Denmark"]
[Date "2015.01.10"]
[Round "4.2"]
[White "Hansen, Soren Bech"]
[Black "Baekgaard, Martin"]
[Result "0-1"]
[WhiteElo "2296"]
[BlackElo "2318"]
[PlyCount "146"]
[EventDate "2014.10.25"]
[EventType "team-tourn"]
[EventRounds "9"]
[EventCountry "DEN"]
[WhiteTeam "Obro"]
[BlackTeam "Nordre"]
[WhiteTeamCountry "DEN"]
[BlackTeamCountry "DEN"]

1. e4 e5 2. Bc4 Nf6 3. d3 c6 4. Nf3 d5 5. Bb3 Bb4+ 6. Bd2 Bxd2+ 7. Nbxd2 O-O 8.
O-O dxe4 9. dxe4 Qc7 10. Nc4 Nxe4 11. Ncxe5 Nd7 12. Re1 Ndf6 13. Qd4 Bf5 14. g4
c5 15. Qe3 c4 16. gxf5 cxb3 17. cxb3 Rfe8 18. Qf4 Qc2 19. Nd4 Qxb2 20. Rad1
Rxe5 21. Re2 Qa3 22. Qxe5 Nc3 23. Nb5 Nxe2+ 24. Qxe2 Qc5 25. Qd3 h5 26. Nc3 Re8
27. Nd5 Ng4 28. Qf3 Qc2 29. Ne3 Nxe3 30. fxe3 Qxa2 31. e4 Qc2 32. Re1 Qd2 33.
Rd1 Qg5+ 34. Kh1 Qh4 35. Rd4 Rc8 36. Qd1 Rc3 37. b4 Qg5 38. Rd2 Re3 39. Rg2 Qe7
40. Qa1 f6 41. Qa2+ Kh8 42. Kg1 Qxe4 43. Qd2 Rd3 44. Qe2 Qxe2 45. Rxe2 Rd4 46.
b5 Rd5 47. b6 axb6 48. Re7 Rxf5 49. Rxb7 b5 50. Kg2 Kh7 51. h4 Rf4 52. Kg3 Rg4+
53. Kh3 Rb4 54. Kg3 Kg6 55. Kh3 Rb1 56. Kg3 Kf5 57. Kg2 g5 58. Rd7 Rb2+ 59. Kg3
Rb3+ 60. Kg2 gxh4 61. Rd5+ Kg4 62. Rd4+ Kg5 63. Rd8 f5 64. Rg8+ Kf4 65. Rb8 b4
66. Rb7 Rg3+ 67. Kh2 b3 68. Rb4+ Kg5 69. Rb5 Rc3 70. Rb8 Kg4 71. Rg8+ Kf4 72.
Rb8 Ke3 73. Rf8 Kd2 0-1

[Event "XtraCon-Skakligaen"]
[Site "Denmark"]
[Date "2015.01.10"]
[Round "4.3"]
[White "Petersen, Tom Petri"]
[Black "Rasmussen, Casper Dahl"]
[Result "1/2-1/2"]
[WhiteElo "2334"]
[BlackElo "2325"]
[PlyCount "155"]
[EventDate "2014.10.25"]
[EventType "team-tourn"]
[EventRounds "9"]
[EventCountry "DEN"]
[WhiteTeam "Nordre"]
[BlackTeam "Obro"]
[WhiteTeamCountry "DEN"]
[BlackTeamCountry "DEN"]

1. Nf3 c5 2. c4 Nc6 3. Nc3 g6 4. g3 Bg7 5. Bg2 e5 6. d3 Nge7 7. h4 h5 8. O-O d6
9. Rb1 O-O 10. a3 a5 11. Bd2 Rb8 12. Ne1 Be6 13. Nc2 d5 14. cxd5 Nxd5 15. Nxd5
Bxd5 16. Bxd5 Qxd5 17. Ne3 Qe6 18. Kg2 f5 19. Qc2 Nd4 20. Qc4 Qxc4 21. Nxc4
Nxe2 22. Rfe1 f4 23. Bxa5 Rf7 24. Nd2 Nd4 25. Ne4 b6 26. Bc3 Rd8 27. Ng5 Rf5
28. Bxd4 Rxd4 29. Rbd1 Bh6 30. Nf3 Rd5 31. Re4 g5 32. hxg5 Bxg5 33. a4 Kg7 34.
b4 cxb4 35. Rxb4 Bd8 36. Rb5 Rxb5 37. axb5 fxg3 38. fxg3 Be7 39. Re1 Kf6 40.
Nd2 Bb4 41. Ne4+ Ke6 42. Rb1 Be7 43. Rc1 Kd5 44. Rc7 Bb4 45. Rd7+ Ke6 46. Rh7
Kd5 47. Rd7+ Ke6 48. Rd8 Rf8 49. Rxf8 Bxf8 50. Kf3 Be7 51. Nc3 Bb4 52. Ne4 Be7
53. Ke3 Kf5 54. Nc3 Kg4 55. Kf2 h4 56. gxh4 Bxh4+ 57. Ke3 Kf5 58. Na4 Bg5+ 59.
Kf3 Bd8 60. Nb2 Be7 61. Na4 Bd8 62. Nc3 Be7 63. Nd5 Bc5 64. Nc7 Bd4 65. Na6 Bg1
66. Nb4 Bd4 67. Nd5 Bc5 68. Nc3 Be7 69. Ke3 Bc5+ 70. Ke2 Bd4 71. Ne4 Ke6 72.
Kd2 Kd5 73. Kc2 Bc5 74. Nc3+ Kd4 75. Na4 Kd5 76. Nc3+ Kd4 77. Na4 Kd5 78. Nc3+
1/2-1/2

[Event "XtraCon-Skakligaen"]
[Site "Denmark"]
[Date "2015.01.10"]
[Round "4.4"]
[White "Larsen, Karsten"]
[Black "Sloth, Jorn"]
[Result "1/2-1/2"]
[WhiteElo "2247"]
[BlackElo "2318"]
[PlyCount "23"]
[EventDate "2014.10.25"]
[EventType "team-tourn"]
[EventRounds "9"]
[EventCountry "DEN"]
[WhiteTeam "Obro"]
[BlackTeam "Nordre"]
[WhiteTeamCountry "DEN"]
[BlackTeamCountry "DEN"]

1. e4 e6 2. d4 d5 3. exd5 exd5 4. Bd3 Nc6 5. c3 Bd6 6. Qf3 Nf6 7. Bg5 Bg4 8.
Qxg4 Nxg4 9. Bxd8 Rxd8 10. Nf3 O-O 11. O-O a6 12. Nbd2 1/2-1/2

[Event "XtraCon-Skakligaen"]
[Site "Denmark"]
[Date "2015.01.10"]
[Round "4.5"]
[White "Veng, Johny"]
[Black "Kaaber Hansen, Jacob"]
[Result "1/2-1/2"]
[WhiteElo "2281"]
[BlackElo "2262"]
[PlyCount "97"]
[EventDate "2014.10.25"]
[EventType "team-tourn"]
[EventRounds "9"]
[EventCountry "DEN"]
[WhiteTeam "Nordre"]
[BlackTeam "Obro"]
[WhiteTeamCountry "DEN"]
[BlackTeamCountry "DEN"]

1. c4 c6 2. d4 d5 3. Nf3 Nf6 4. Nc3 e6 5. g3 dxc4 6. Bg2 b5 7. Ne5 Qb6 8. O-O
Bb7 9. e4 Be7 10. Be3 Qc7 11. Bf4 Qb6 12. d5 cxd5 13. exd5 exd5 14. Nxd5 Nxd5
15. Bxd5 O-O 16. Qf3 Bxd5 17. Qxd5 Bd6 18. Nxc4 bxc4 19. Bxd6 Rd8 20. Rfd1 Na6
21. Qe5 Rac8 22. Rd2 Re8 23. Qf4 Nc5 24. Bxc5 Qxc5 25. Rd7 Re7 26. Rad1 h6 27.
R1d5 Qb4 28. Rd8+ Rxd8 29. Rxd8+ Kh7 30. Qf5+ g6 31. Qf6 Qe1+ 32. Kg2 Qe4+ 33.
Kg1 Qe1+ 34. Kg2 Qe4+ 35. f3 Qe2+ 36. Kh3 Qf1+ 37. Kg4 Re4+ 38. f4 Qe2+ 39. Kh3
Qh5+ 40. Qh4 Qf3 41. Qf6 Qh5+ 42. Qh4 Qf5+ 43. Qg4 Qf6 44. Rb8 Kg7 45. Qc8 Qe6+
46. Qxe6 Rxe6 47. Rb4 Rc6 48. Ra4 a6 49. Kg4 1/2-1/2

[Event "XtraCon-Skakligaen"]
[Site "Denmark"]
[Date "2015.01.10"]
[Round "4.6"]
[White "Schou Moldt, Thomas"]
[Black "Hoiberg, Nina"]
[Result "1/2-1/2"]
[WhiteElo "2228"]
[BlackElo "2209"]
[PlyCount "104"]
[EventDate "2014.10.25"]
[EventType "team-tourn"]
[EventRounds "9"]
[EventCountry "DEN"]
[WhiteTeam "Obro"]
[BlackTeam "Nordre"]
[WhiteTeamCountry "DEN"]
[BlackTeamCountry "DEN"]

1. d4 d6 2. c4 e5 3. Nf3 e4 4. Ng5 f5 5. Nc3 c6 6. Nh3 Be7 7. e3 Nf6 8. Be2 O-O
9. O-O Kh8 10. d5 Nfd7 11. b3 Bf6 12. Bb2 Be5 13. f3 exf3 14. Bxf3 Qb6 15. Qe2
f4 16. Bg4 Na6 17. Ng5 Nf6 18. Bxc8 Raxc8 19. Na4 Qxe3+ 20. Qxe3 fxe3 21. Bxe5
dxe5 22. dxc6 bxc6 23. Rae1 h6 24. Ne6 Rfe8 25. Nac5 Nxc5 26. Nxc5 Rcd8 27.
Rxe3 Rd2 28. a3 e4 29. Rfe1 Rd4 30. h3 Re5 31. Na6 g5 32. Nb4 Rd6 33. Na2 g4
34. Nc3 gxh3 35. gxh3 Rg5+ 36. Kh1 Rd3 37. Rxd3 exd3 38. Re3 d2 39. Rd3 Nh5 40.
Rd8+ Kg7 41. Ne4 Ng3+ 42. Nxg3 Rxg3 43. Rxd2 Rxh3+ 44. Kg2 Rxb3 45. Rd7+ Kf6
46. Rd6+ Kg5 47. Rxc6 Rxa3 48. c5 h5 49. Rd6 Rc3 50. Ra6 Rc2+ 51. Kh3 Rc3+ 52.
Kg2 Rc2+ 1/2-1/2

[Event "XtraCon-Skakligaen"]
[Site "Denmark"]
[Date "2015.01.10"]
[Round "4.7"]
[White "Christensen, Jan Schleicher"]
[Black "Jorgensen, Dennis"]
[Result "1/2-1/2"]
[WhiteElo "2208"]
[BlackElo "2243"]
[PlyCount "61"]
[EventDate "2014.10.25"]
[EventType "team-tourn"]
[EventRounds "9"]
[EventCountry "DEN"]
[WhiteTeam "Nordre"]
[BlackTeam "Obro"]
[WhiteTeamCountry "DEN"]
[BlackTeamCountry "DEN"]

1. Nf3 Nf6 2. c4 b6 3. g3 Bb7 4. Bg2 e6 5. O-O c5 6. d4 cxd4 7. Qxd4 Nc6 8. Qf4
Ne7 9. Nc3 Ng6 10. Qd2 Be7 11. Re1 O-O 12. e4 d6 13. b3 Rc8 14. Bb2 a6 15. Qe2
Qc7 16. Rad1 Rfd8 17. h3 Nd7 18. Nd4 Bf8 19. h4 h6 20. Bh3 Re8 21. h5 Nge5 22.
f4 Nc6 23. Nc2 Rcd8 24. Ne3 Nc5 25. Qg4 Bc8 26. Bg2 Nb4 27. Qe2 Bb7 28. Rf1 Nd7
29. a3 Nc6 30. Ng4 Na5 31. f5 1/2-1/2

[Event "XtraCon-Skakligaen"]
[Site "Denmark"]
[Date "2015.01.10"]
[Round "4.8"]
[White "Simonsen, Carsten"]
[Black "Klitgaard, Thomas"]
[Result "0-1"]
[WhiteElo "2207"]
[BlackElo "2197"]
[PlyCount "102"]
[EventDate "2014.10.25"]
[EventType "team-tourn"]
[EventRounds "9"]
[EventCountry "DEN"]
[WhiteTeam "Obro"]
[BlackTeam "Nordre"]
[WhiteTeamCountry "DEN"]
[BlackTeamCountry "DEN"]

1. d4 d5 2. c4 c6 3. Nf3 Nf6 4. Nc3 a6 5. c5 g6 6. Bf4 Bg7 7. e3 Nh5 8. Be5
Bxe5 9. Nxe5 f6 10. Nd3 Bf5 11. Be2 Ng7 12. O-O O-O 13. Qb3 Bxd3 14. Bxd3 Qc7
15. e4 e6 16. Rfe1 Kh8 17. Re2 Nd7 18. exd5 exd5 19. Qc2 Rfe8 20. Qd2 Nf8 21.
Qh6 Nge6 22. Rae1 Qf7 23. Qh4 g5 24. Qh6 Re7 25. h4 Rae8 26. hxg5 fxg5 27. Re5
Nf4 28. Bc2 Rxe5 29. dxe5 Qg7 30. Qd6 Re6 31. Qb8 Qe7 32. Bf5 Rh6 33. e6 Kg7
34. Qe5+ Rf6 35. g3 N4xe6 36. b4 Qf7 37. Ne2 Kg8 38. g4 Ng6 39. Qe3 h6 40. Nd4
Nxd4 41. Qxd4 Nh4 42. Qd3 Nxf5 43. gxf5 Rxf5 44. Qd2 Rf4 45. Re3 d4 46. Re5
Rg4+ 47. Kf1 Qc4+ 48. Re2 Re4 49. f3 Rxe2 50. Qxe2 Qxe2+ 51. Kxe2 h5 0-1

[Event "XtraCon-Skakligaen"]
[Site "Denmark"]
[Date "2015.01.11"]
[Round "5.1"]
[White "Schandorff, Lars"]
[Black "Fries Nielsen, Niels Jorgen"]
[Result "1/2-1/2"]
[WhiteElo "2532"]
[BlackElo "2329"]
[PlyCount "84"]
[EventDate "2014.10.25"]
[EventType "team-tourn"]
[EventRounds "9"]
[EventCountry "DEN"]
[WhiteTeam "Hillerod"]
[BlackTeam "Esbjerg"]
[WhiteTeamCountry "DEN"]
[BlackTeamCountry "DEN"]

1. d4 Nf6 2. c4 d6 3. Nc3 Nbd7 4. e4 e5 5. d5 Be7 6. Bd3 Nf8 7. Nge2 Ng6 8. f3
c6 9. Be3 a6 10. O-O O-O 11. b4 Nh5 12. Qd2 h6 13. Rad1 a5 14. a3 axb4 15. axb4
Bd7 16. g3 Qc8 17. Ra1 Rxa1 18. Rxa1 f5 19. exf5 Bxf5 20. Ne4 Nf6 21. N2c3 h5
22. Ng5 cxd5 23. cxd5 Nh7 24. Nxh7 Kxh7 25. Ne4 Nh8 26. Rc1 Qd7 27. Qc2 g6 28.
Qc7 Rc8 29. Qxc8 Qxc8 30. Rxc8 Bxc8 31. Bb6 Nf7 32. Bc7 Kg7 33. h4 Bd7 34. Kf2
Ba4 35. b5 Bb3 36. Nc3 g5 37. hxg5 Bxg5 38. Ke2 Bc1 39. Be4 Bc4+ 40. Bd3 Bb3
41. Be4 Bc4+ 42. Bd3 Bb3 1/2-1/2

[Event "XtraCon-Skakligaen"]
[Site "Denmark"]
[Date "2015.01.11"]
[Round "5.2"]
[White "Poulsen, Iver"]
[Black "Borge, Nikolaj"]
[Result "1/2-1/2"]
[WhiteElo "2095"]
[BlackElo "2383"]
[PlyCount "230"]
[EventDate "2014.10.25"]
[EventType "team-tourn"]
[EventRounds "9"]
[EventCountry "DEN"]
[WhiteTeam "Esbjerg"]
[BlackTeam "Hillerod"]
[WhiteTeamCountry "DEN"]
[BlackTeamCountry "DEN"]

1. e4 c5 2. Nc3 a6 3. Nf3 b5 4. d4 cxd4 5. Nxd4 Bb7 6. Bd3 e6 7. O-O Ne7 8. Re1
Nbc6 9. Nxc6 dxc6 10. Qh5 g6 11. Qh4 h6 12. Be3 Bg7 13. Rad1 g5 14. Qg3 Qb8 15.
Qxb8+ Rxb8 16. Bc5 Be5 17. Be2 Bc8 18. Rd3 Rb7 19. Red1 Rd7 20. Rxd7 Bxd7 21.
Bh5 Rh7 22. g3 Kd8 23. Be2 Nc8 24. Rd3 Kc7 25. Nd1 Nd6 26. f3 f6 27. b3 Nb7 28.
Be3 Bd6 29. Nf2 h5 30. Rd1 h4 31. Kg2 e5 32. Ng4 Bxg4 33. fxg4 Bc5 34. Bc1 Nd6
35. Bd3 hxg3 36. Kxg3 Nf7 37. Rf1 Be7 38. Rh1 Rh4 39. Be3 Nd8 40. Bf2 Ne6 41.
Rd1 Bc5 42. Be1 Be3 43. h3 Rh7 44. Bf1 Rd7 45. Rxd7+ Kxd7 46. Kf3 Bc1 47. c3
Ke7 48. Ke2 Nc5 49. Bg2 a5 50. Bf2 Ne6 51. Kd1 Bf4 52. Kc2 Kd6 53. Bf1 Kc7 54.
Kd3 Nf8 55. Bc5 Nd7 56. Be7 Bh2 57. Bg2 Bg1 58. Ba3 Bc5 59. Bc1 Kb6 60. a3 Bg1
61. b4 c5 62. Bd2 Kc6 63. Be1 a4 64. h4 gxh4 65. Bxh4 Bh2 66. g5 fxg5 67. Bxg5
Nb6 68. bxc5 Nc4 69. Bf3 Bg1 70. Bh5 Bxc5 71. Be8+ Kb6 72. Bd8+ Ka6 73. Bf7
Nb2+ 74. Kc2 Bxa3 75. Bc7 Nc4 76. Bxc4 bxc4 77. Bxe5 Kb6 78. Bf6 Kc6 79. Bg7
Kd7 80. Bh6 Ke6 81. Bf4 Kf6 82. Kb1 Bf8 83. Ka2 Bc5 84. Bc7 Kg5 85. Be5 Be7 86.
Kb2 Kg4 87. Bd4 Kf4 88. e5 Kf5 89. Ka2 Ke6 90. Kb2 Kd5 91. Ka2 Kc6 92. Kb2 Kd5
93. Ka2 Ke4 94. Kb2 Kd3 95. Ka2 Kc2 96. e6 Kd3 97. Bg7 Ke4 98. Bh6 Kd5 99. Bc1
Kxe6 100. Ba3 Bg5 101. Bb2 Be7 102. Ba3 Bf6 103. Bb2 Kd5 104. Ka3 Ke4 105. Kxa4
Kd3 106. Kb4 Be7+ 107. Kb5 Bf8 108. Ba1 Ba3 109. Ka4 Bc1 110. Kb4 Bd2 111. Bb2
Bg5 112. Kb5 Be7 113. Ba1 Bf8 114. Bb2 Kc2 115. Kxc4 Kxb2 1/2-1/2

[Event "XtraCon-Skakligaen"]
[Site "Denmark"]
[Date "2015.01.11"]
[Round "5.3"]
[White "Percivaldi, Martin"]
[Black "Bonnelykke, Ole"]
[Result "1-0"]
[WhiteElo "2324"]
[BlackElo "2045"]
[PlyCount "65"]
[EventDate "2014.10.25"]
[EventType "team-tourn"]
[EventRounds "9"]
[EventCountry "DEN"]
[WhiteTeam "Hillerod"]
[BlackTeam "Esbjerg"]
[WhiteTeamCountry "DEN"]
[BlackTeamCountry "DEN"]

1. d4 Nf6 2. c4 e6 3. g3 Bb4+ 4. Nd2 O-O 5. Bg2 d5 6. Ngf3 c5 7. cxd5 exd5 8.
a3 Bxd2+ 9. Bxd2 c4 10. O-O Nc6 11. Bc3 Re8 12. Ne5 Ng4 13. Nxc6 bxc6 14. Qc2
f5 15. Rae1 Qg5 16. h3 Nf6 17. Bd2 Qh5 18. Bf4 g5 19. Be5 Qg6 20. Kh2 h5 21. f3
Bd7 22. e4 Re7 23. b3 cxb3 24. Qxb3 Rae8 25. Bxf6 Qxf6 26. e5 Qg6 27. f4 Rg7
28. fxg5 Qxg5 29. Rf4 Kh7 30. Re3 Re6 31. h4 Qg6 32. Bh3 Re8 33. e6 1-0

[Event "XtraCon-Skakligaen"]
[Site "Denmark"]
[Date "2015.01.11"]
[Round "5.4"]
[White "Hartvig, Ove Weiss"]
[Black "Jaksland, Tim"]
[Result "0-1"]
[WhiteElo "2199"]
[BlackElo "2277"]
[PlyCount "84"]
[EventDate "2014.10.25"]
[EventType "team-tourn"]
[EventRounds "9"]
[EventCountry "DEN"]
[WhiteTeam "Esbjerg"]
[BlackTeam "Hillerod"]
[WhiteTeamCountry "DEN"]
[BlackTeamCountry "DEN"]

1. e4 c5 2. Nf3 d6 3. d4 cxd4 4. Nxd4 Nf6 5. Nc3 a6 6. h3 e5 7. Nde2 h5 8. Bg5
Be6 9. f4 Be7 10. fxe5 dxe5 11. Qxd8+ Bxd8 12. O-O-O Nbd7 13. Ng3 g6 14. Bd3
Rc8 15. Rhf1 Be7 16. Rf3 h4 17. Nge2 Rh5 18. Be3 Bc5 19. Bd2 Kf8 20. Rdf1 Kg7
21. a3 Be7 22. Nd1 Nc5 23. Nec3 Nfd7 24. Be2 Rhh8 25. b4 Nxe4 26. Nxe4 f5 27.
Ng5 Bd5 28. Rd3 Nb6 29. Nf3 e4 30. Bc3+ Bf6 31. Bxf6+ Kxf6 32. Rc3 exf3 33.
Bxf3 Rhe8 34. Rxc8 Rxc8 35. Ne3 Bxf3 36. Rxf3 Ke5 37. Kb2 Ke4 38. Kb3 Rd8 39.
Nf1 Rd1 40. Re3+ Kd5 41. Nh2 Nc4 42. Re2 Ra1 0-1

[Event "XtraCon-Skakligaen"]
[Site "Denmark"]
[Date "2015.01.11"]
[Round "5.5"]
[White "Ostergaard, Jens"]
[Black "Lindestrom, Torsten"]
[Result "1-0"]
[WhiteElo "2236"]
[BlackElo "2224"]
[PlyCount "53"]
[EventDate "2014.10.25"]
[EventType "team-tourn"]
[EventRounds "9"]
[EventCountry "DEN"]
[WhiteTeam "Hillerod"]
[BlackTeam "Esbjerg"]
[WhiteTeamCountry "DEN"]
[BlackTeamCountry "DEN"]

1. d4 f5 2. Nf3 Nf6 3. g3 e6 4. Bg2 d5 5. O-O Bd6 6. c4 c6 7. Nbd2 O-O 8. Ne5
Bd7 9. Ndf3 Be8 10. Qc2 Bh5 11. Nd3 Nbd7 12. Bf4 Qe7 13. Rab1 Rac8 14. Bxd6
Qxd6 15. Nfe5 dxc4 16. Nxc4 Qxd4 17. e3 Qg4 18. Qb3 Nd5 19. Nce5 Nxe5 20. Nxe5
Qg5 21. Bxd5 cxd5 22. Qxb7 Qf6 23. f4 Rc2 24. Rbc1 Re2 25. Rc8 Be8 26. Rxe8
Rxe8 27. Qb5 1-0

[Event "XtraCon-Skakligaen"]
[Site "Denmark"]
[Date "2015.01.11"]
[Round "5.7"]
[White "Montgomery, Jan Elkjaer Frantse"]
[Black "Hansen, Stefan"]
[Result "1/2-1/2"]
[WhiteElo "2149"]
[BlackElo "2102"]
[PlyCount "85"]
[EventDate "2014.10.25"]
[EventType "team-tourn"]
[EventRounds "9"]
[EventCountry "DEN"]
[WhiteTeam "Hillerod"]
[BlackTeam "Esbjerg"]
[WhiteTeamCountry "DEN"]
[BlackTeamCountry "DEN"]

1. d4 d5 2. Nf3 Nf6 3. Bg5 e6 4. e3 Be7 5. Bd3 O-O 6. O-O c5 7. c3 Nc6 8. Nbd2
h6 9. Bh4 b6 10. Qe2 Bb7 11. Rad1 Nd7 12. Bg3 Bf6 13. e4 cxd4 14. e5 dxc3 15.
exf6 cxd2 16. fxg7 Kxg7 17. Qxd2 Qe7 18. Bb1 Rac8 19. Rfe1 Rh8 20. a3 Na5 21.
Qd4+ Nf6 22. Nh4 Qc5 23. Qf4 Nc4 24. b4 Qc6 25. Qd4 Rce8 26. Rc1 Qd7 27. Rc3 e5
28. Bxe5 Rxe5 29. Rxe5 Nxe5 30. Rg3+ Kf8 31. Qxe5 Qe7 32. Qxe7+ Kxe7 33. Nf5+
Ke6 34. Ng7+ Kd6 35. Bf5 Bc8 36. Rc3 Bxf5 37. Nxf5+ Ke5 38. Nh4 Rd8 39. Nf3+
Kd6 40. Nd4 Ne4 41. Rc6+ Ke5 42. Nf3+ Kf4 43. Nd4 1/2-1/2